[Event "Mercredi 2013.01.09 ABCD"]
[Site "Montreal"]
[Date "2013.01.09"]
[Round "1"]
[White "Cote, Philippe"]
[Black "Gauthier, Luc"]
[Result "1-0"]
[WhiteElo "1749"]
[BlackElo "1678"]
[PlyCount "49"]
[EventDate "2013.01.09"]
[EventRounds "5"]
[EventCountry "CAN"]
[SourceDate "2005.09.12"]

1. e4 Nf6 2. e5 Nd5 3. c4 Nb6 4. c5 Nd5 5. Nc3 c6 6. Bc4 Nxc3 7. dxc3 d5 8.
cxd6 exd6 9. Nf3 d5 10. Bd3 Be7 11. O-O Be6 12. Nd4 Qd7 13. Qf3 c5 14. Nxe6
Qxe6 15. Re1 g6 16. c4 d4 17. Qxb7 O-O 18. Qxa8 Nc6 19. Qb7 Rb8 20. Qa6 Rb6 21.
Qa4 Nb4 22. Qd1 Nxd3 23. Qxd3 Rb4 24. b3 a5 25. Bd2 1-0

[Event "Mercredi 2013.01.09 ABCD"]
[Site "Montreal"]
[Date "2013.01.09"]
[Round "1"]
[White "Millette, Sylvain"]
[Black "O'Connor, Michael"]
[Result "1-0"]
[WhiteElo "1711"]
[BlackElo "1701"]
[PlyCount "71"]
[EventDate "2013.01.09"]
[EventRounds "5"]
[EventCountry "CAN"]
[SourceDate "2005.09.12"]

1. Nf3 d5 2. g3 Nf6 3. Bg2 g6 4. d4 Bg7 5. c3 O-O 6. O-O Nbd7 7. Nbd2 c5 8.
dxc5 Nxc5 9. Nb3 Nfe4 10. Nxc5 Nxc5 11. Be3 b6 12. Nd4 Bb7 13. Nb3 Rc8 14. Nxc5
bxc5 15. Qb3 Ba8 16. Rad1 e6 17. Qa3 Qe7 18. b4 cxb4 19. cxb4 Rc3 20. Qxa7 Qxa7
21. Bxa7 Ra3 22. Bc5 Rc8 23. Rd2 Bb7 24. Rfd1 f5 25. e3 Ba6 26. Bf1 Bxf1 27.
Kxf1 Rca8 28. b5 Rxa2 29. Rxa2 Rxa2 30. Rb1 Rc2 31. Bd6 d4 32. b6 dxe3 33. fxe3
Rxh2 34. Kg1 Rd2 35. Bc7 Rc2 36. b7 1-0

[Event "Mercredi 2013.01.09 ABCD"]
[Site "Montreal"]
[Date "2013.01.09"]
[Round "1"]
[White "Bergeron, Rene"]
[Black "Deshetres, Michel"]
[Result "1-0"]
[WhiteElo "1734"]
[BlackElo "1690"]
[PlyCount "107"]
[EventDate "2013.01.09"]
[EventRounds "5"]
[EventCountry "CAN"]
[SourceDate "2005.09.12"]

1. c4 e5 2. Nc3 Nc6 3. g3 g6 4. Bg2 Bg7 5. d3 d6 6. Nf3 Nge7 7. Rb1 a5 8. O-O
O-O 9. a3 h6 10. b4 axb4 11. axb4 Be6 12. b5 Nd4 13. Nxd4 exd4 14. Ne4 f5 15.
Nd2 c6 16. Nf3 c5 17. Bd2 d5 18. Qb3 dxc4 19. dxc4 Ra7 20. Bf4 b6 21. Be5 g5
22. Bxg7 Kxg7 23. Ra1 Qc7 24. Ra6 Bc8 25. Rxa7 Qxa7 26. e3 g4 27. Nh4 Bb7 28.
exd4 Bxg2 29. Nxg2 cxd4 30. Nf4 Qd7 31. Rd1 Kh7 32. Qd3 Rd8 33. Ne2 Ng6 34.
Qxd4 Qxd4 35. Rxd4 Rxd4 36. Nxd4 Ne5 37. c5 bxc5 38. Nxf5 Nd7 39. Kf1 Nb6 40.
Ke2 Kg6 41. Ne3 h5 42. Kd3 Kf6 43. Nc4 Nd7 44. b6 Ke6 45. b7 Nb8 46. Ke4 Nc6
47. Kf4 Kf6 48. Nd6 Ke6 49. Nc4 Kf6 50. f3 gxf3 51. Kxf3 Kf5 52. h3 Nb8 53.
Ne3+ Kg5 54. Ke4 1-0

[Event "Mercredi 2013.01.09 ABCD"]
[Site "Montreal"]
[Date "2013.01.16"]
[Round "2"]
[White "Cote, Philippe"]
[Black "Bergeron, Rene"]
[Result "1/2-1/2"]
[WhiteElo "1749"]
[BlackElo "1734"]
[PlyCount "41"]
[EventDate "2013.01.09"]
[EventRounds "5"]
[EventCountry "CAN"]
[SourceDate "2005.09.12"]

1. e4 c5 2. Nf3 Nc6 3. b4 Nxb4 4. c3 Nc6 5. d4 cxd4 6. cxd4 e6 7. Be2 Bb4+ 8.
Bd2 Qa5 9. O-O Nf6 10. Bd3 O-O 11. e5 Nd5 12. Bxh7+ Kxh7 13. Ng5+ Kg6 14. Qg4
f5 15. Qh4 Bxd2 16. Qh7+ Kxg5 17. Qxg7+ Kh5 18. Qxf8 Nf4 19. Qh8+ Kg6 20. Qg8+
Kh5 21. Qh8+ 1/2-1/2

[Event "Mercredi 2013.01.09 ABCD"]
[Site "Montreal"]
[Date "2013.01.16"]
[Round "2"]
[White "Gauthier, Luc"]
[Black "O'Connor, Michael"]
[Result "1/2-1/2"]
[WhiteElo "1678"]
[BlackElo "1701"]
[PlyCount "46"]
[EventDate "2013.01.09"]
[EventRounds "5"]
[EventCountry "CAN"]
[SourceDate "2005.09.12"]

1. e4 c5 2. d4 cxd4 3. c3 d3 4. Bxd3 g6 5. c4 Bg7 6. Nc3 d6 7. Nf3 Nc6 8. h3
Nf6 9. Be3 O-O 10. O-O Nd7 11. Be2 Nde5 12. Nxe5 dxe5 13. Nd5 e6 14. Nc3 Nd4
15. Qd2 b6 16. Rfd1 Bb7 17. Bh6 Qh4 18. Bxg7 Kxg7 19. f3 Rfd8 20. Bd3 Qg3 21.
Qf2 Qxf2+ 22. Kxf2 Rd7 23. Rd2 Rad8 1/2-1/2

[Event "Mercredi 2013.01.09 ABCD"]
[Site "Montreal"]
[Date "2013.01.16"]
[Round "2"]
[White "Deshetres, Michel"]
[Black "Millette, Sylvain"]
[Result "1-0"]
[WhiteElo "1690"]
[BlackElo "1711"]
[PlyCount "51"]
[EventDate "2013.01.09"]
[EventRounds "5"]
[EventCountry "CAN"]
[SourceDate "2005.09.12"]

1. e4 Nf6 2. e5 Nd5 3. d4 d6 4. c4 Nb6 5. exd6 exd6 6. Nc3 Be7 7. Bd3 Nc6 8.
Be3 Bf6 9. Nge2 Bg4 10. Qb3 Qe7 11. O-O O-O 12. Rfe1 a5 13. a3 Qd7 14. Ne4 Be7
15. Qc2 d5 16. Nc5 Bxc5 17. dxc5 Nxc4 18. Bxc4 dxc4 19. Rad1 Qe7 20. Qxc4 Rad8
21. Qxg4 f5 22. Qc4+ Kh8 23. Nf4 Rxd1 24. Rxd1 g5 25. Ne6 h6 26. Nxf8 1-0

[Event "Mercredi 2013.01.09 ABCD"]
[Site "Montreal"]
[Date "2013.01.23"]
[Round "3"]
[White "O'Connor, Michael"]
[Black "Deshetres, Michel"]
[Result "0-1"]
[WhiteElo "1701"]
[BlackElo "1690"]
[PlyCount "120"]
[EventDate "2013.01.09"]
[EventRounds "5"]
[EventCountry "CAN"]
[SourceDate "2005.09.12"]

1. d4 d5 2. Nf3 Nf6 3. g3 Bf5 4. c4 e6 5. Bg2 c6 6. cxd5 exd5 7. O-O Bd6 8. Nc3
O-O 9. Qb3 Qc7 10. Nh4 Be6 11. Qc2 Nbd7 12. Nf5 Bxf5 13. Qxf5 Rfe8 14. a3 a5
15. a4 Re7 16. Qc2 Rae8 17. b3 Nf8 18. Bg5 N8d7 19. e4 dxe4 20. Rac1 Qb8 21.
Bh3 Qd8 22. Rfe1 h6 23. Bxd7 Qxd7 24. Bxf6 gxf6 25. Nxe4 Qf5 26. f3 Qxf3 27.
Rf1 Qxe4 28. Qd2 Qe3+ 29. Qxe3 Rxe3 30. Rxf6 Re1+ 31. Rxe1 Rxe1+ 32. Kf2 Re6
33. Rf5 Bb4 34. d5 cxd5 35. Rxd5 b6 36. Kf3 Kg7 37. h4 Bc5 38. Rd3 Kg6 39. g4
Rd6 40. Rc3 f5 41. Kf4 Rd4+ 42. Ke5 fxg4 43. h5+ Kxh5 44. Kf5 Rd5+ 45. Kf4 Rg5
46. Kg3 Bd6+ 47. Kg2 Rc5 48. Rd3 Rc2+ 49. Kh1 Bc5 50. b4 Bxb4 51. Re3 Kh4 52.
Rd3 g3 53. Rf3 g2+ 54. Kh2 Bd6+ 55. Kg1 Bc5+ 56. Rf2 Bxf2+ 57. Kxg2 Kg4 58. Kh1
Bh4 59. Kg1 Kf3 60. Kh1 Bg3 0-1

[Event "Mercredi 2013.01.09 ABCD"]
[Site "Montreal"]
[Date "2013.01.29"]
[Round "3"]
[White "Millette, Sylvain"]
[Black "Cote, Philippe"]
[Result "1/2-1/2"]
[WhiteElo "1711"]
[BlackElo "1749"]
[PlyCount "72"]
[EventDate "2013.01.09"]
[EventRounds "5"]
[EventCountry "CAN"]
[SourceDate "2005.09.12"]

1. Nf3 d6 2. g3 g6 3. Bg2 Bg7 4. d4 Nf6 5. O-O O-O 6. b3 c5 7. Bb2 Nbd7 8. dxc5
Nxc5 9. c4 e6 10. Nbd2 Bd7 11. Qc2 Bc6 12. Rad1 Qc7 13. Nd4 Bxg2 14. Kxg2 a6
15. e4 Rac8 16. N4f3 Ncd7 17. Qb1 Rfd8 18. Rfe1 e5 19. Nf1 b5 20. Ne3 bxc4 21.
Nxc4 Nb6 22. Nxb6 Qxb6 23. Rd2 Qb4 24. Rc2 a5 25. Qc1 Rxc2 26. Qxc2 Qb7 27. Kg1
Nd7 28. Rd1 Bf8 29. Ba3 Rc8 30. Qb1 Nc5 31. Rc1 d5 32. Nxe5 Nxe4 33. Rxc8 Qxc8
34. Bxf8 Kxf8 35. Qd3 Qc1+ 36. Kg2 Qa1 1/2-1/2

[Event "Mercredi 2013.01.09 ABCD"]
[Site "Montreal"]
[Date "2013.01.23"]
[Round "3"]
[White "Bergeron, Rene"]
[Black "Gauthier, Luc"]
[Result "1-0"]
[WhiteElo "1734"]
[BlackElo "1678"]
[PlyCount "69"]
[EventDate "2013.01.09"]
[EventRounds "5"]
[EventCountry "CAN"]
[SourceDate "2005.09.12"]

1. c4 Nc6 2. Nc3 e5 3. Nf3 f5 4. d3 Bb4 5. e3 Nf6 6. a3 Bxc3+ 7. bxc3 d6 8. Be2
O-O 9. Rb1 b6 10. O-O Bb7 11. Nd2 Qe8 12. d4 e4 13. a4 Nd8 14. a5 Qg6 15. Qa4
Bc6 16. Qa2 Kh8 17. Ba3 Nf7 18. c5 Ng5 19. cxd6 Nf3+ 20. Kh1 Nh4 21. Rg1 Ng4
22. Bxg4 fxg4 23. Nc4 Bd5 24. dxc7 Rfc8 25. Qe2 Nf3 26. gxf3 exf3 27. Qf1 Bxc4
28. Qxc4 g3 29. fxg3 Qe4 30. Rbf1 f2+ 31. Rg2 Qxe3 32. Rgxf2 Qe4+ 33. Kg1 Qe3
34. d5 b5 35. Qf4 1-0

[Event "Mercredi 2013.01.09 ABCD"]
[Site "Montreal"]
[Date "2013.01.30"]
[Round "4"]
[White "Cote, Philippe"]
[Black "O'Connor, Michael"]
[Result "0-1"]
[WhiteElo "1749"]
[BlackElo "1701"]
[PlyCount "34"]
[EventDate "2013.01.09"]
[EventRounds "5"]
[EventCountry "CAN"]
[SourceDate "2005.09.12"]

1. e4 c5 2. Nf3 Nc6 3. g3 d5 4. exd5 Qxd5 5. Nc3 Qe6+ 6. Ne2 Qe4 7. Bg2 Nd4 8.
Nh4 Nxc2+ 9. Kf1 Qd3 10. Kg1 Nxa1 11. Nf4 Qc2 12. Qe1 Nf6 13. Nd5 Nxd5 14. Bxd5
e6 15. Kg2 Be7 16. Be4 Qa4 17. b3 Qxa2 0-1

[Event "Mercredi 2013.01.09 ABCD"]
[Site "Montreal"]
[Date "2013.01.30"]
[Round "4"]
[White "Bergeron, Rene"]
[Black "Millette, Sylvain"]
[Result "0-1"]
[WhiteElo "1734"]
[BlackElo "1711"]
[PlyCount "94"]
[EventDate "2013.01.09"]
[EventRounds "5"]
[EventCountry "CAN"]
[SourceDate "2005.09.12"]

1. c4 Nf6 2. Nc3 d5 3. cxd5 Nxd5 4. e4 Nxc3 5. bxc3 c5 6. d4 cxd4 7. cxd4 g6 8.
Nf3 Bg7 9. Be2 Nc6 10. Be3 Bg4 11. e5 O-O 12. O-O e6 13. h3 Bf5 14. Qb3 Na5 15.
Qa4 Be4 16. Bg5 f6 17. exf6 Bxf6 18. Bxf6 Rxf6 19. Ne5 Nc6 20. Ng4 Rf8 21. Rad1
Na5 22. Qb5 Qd5 23. f3 Qxb5 24. Bxb5 Bd5 25. a3 Nc4 26. Rd3 a6 27. Ba4 Nb2 28.
Bc2 Nxd3 29. Bxd3 Rac8 30. Re1 Rc3 31. Be4 Rc4 32. Bxd5 exd5 33. Re7 b5 34.
Nh6+ Kh8 35. Ra7 Rxd4 36. Nf7+ Rxf7 37. Rxf7 Ra4 38. Rd7 Rxa3 39. Rxd5 b4 40.
Kf2 b3 41. Rd8+ Kg7 42. Rb8 a5 43. Ke1 a4 44. Kd1 Ra2 45. g4 Rf2 46. Rb4 a3 47.
Rxb3 a2 0-1

[Event "Mercredi 2013.01.09 ABCD"]
[Site "Montreal"]
[Date "2013.01.30"]
[Round "4"]
[White "Gauthier, Luc"]
[Black "Deshetres, Michel"]
[Result "1-0"]
[WhiteElo "1678"]
[BlackElo "1690"]
[PlyCount "63"]
[EventDate "2013.01.09"]
[EventRounds "5"]
[EventCountry "CAN"]
[SourceDate "2005.09.12"]

1. e4 c6 2. d4 d5 3. f3 e6 4. Nc3 Bb4 5. Bd3 Nf6 6. e5 Nfd7 7. a3 Be7 8. f4 c5
9. Nf3 Nc6 10. Bb5 Qb6 11. Bxc6 bxc6 12. Ne2 cxd4 13. Nexd4 c5 14. Ne2 Ba6 15.
O-O c4+ 16. Kh1 Nc5 17. Be3 Qb7 18. Bxc5 Bxc5 19. c3 Rb8 20. Rb1 Bb5 21. Ned4
Qd7 22. Nxb5 Qxb5 23. Nd4 Bxd4 24. Qxd4 Qb6 25. Qd2 O-O 26. f5 Rbd8 27. f6 gxf6
28. Rxf6 Kh8 29. Qh6 Qc7 30. Qh5 Qe7 31. Rbf1 Rd7 32. R1f3 1-0

[Event "Mercredi 2013.01.09 ABCD"]
[Site "Montreal"]
[Date "2013.02.06"]
[Round "5"]
[White "O'Connor, Michael"]
[Black "Bergeron, Rene"]
[Result "0-1"]
[WhiteElo "1701"]
[BlackElo "1734"]
[PlyCount "66"]
[EventDate "2013.01.09"]
[EventRounds "5"]
[EventCountry "CAN"]
[SourceDate "2005.09.12"]

1. d4 d5 2. e3 e6 3. Bd3 c5 4. c3 Nc6 5. f4 Nf6 6. Nd2 cxd4 7. cxd4 Be7 8. Ngf3
O-O 9. O-O a6 10. Ne5 Bd7 11. a3 Rc8 12. g4 Ne8 13. f5 Bf6 14. Ndf3 exf5 15.
Nxd7 Qxd7 16. Bxf5 Qd8 17. Bxc8 Qxc8 18. Nd2 Bg5 19. Qf3 Qe6 20. Nb3 b6 21. h3
Nd6 22. Nd2 Bxe3+ 23. Kh1 Nxd4 24. Qg2 Nc2 25. Rb1 d4 26. Nf3 Qe4 27. Bd2 Nc4
28. Bb4 Nxb4 29. axb4 Qe7 30. b3 Na3 31. Ra1 Qxb4 32. Qb2 Nc4 33. Ra4 Qxa4 0-1

[Event "Mercredi 2013.01.09 ABCD"]
[Site "Montreal"]
[Date "2013.02.06"]
[Round "5"]
[White "Deshetres, Michel"]
[Black "Cote, Philippe"]
[Result "1-0"]
[WhiteElo "1690"]
[BlackElo "1749"]
[PlyCount "61"]
[EventDate "2013.01.09"]
[EventRounds "5"]
[EventCountry "CAN"]
[SourceDate "2005.09.12"]

1. Nf3 d6 2. c4 g6 3. g3 Bg7 4. Bg2 f5 5. d4 Nf6 6. Nc3 O-O 7. O-O c6 8. Qc2
Qe8 9. b3 e5 10. dxe5 dxe5 11. Ba3 Rf7 12. Bd6 Nbd7 13. Ng5 Re7 14. Bxe7 Qxe7
15. Rad1 e4 16. Nh3 Ng4 17. e3 Nc5 18. Nf4 g5 19. Nfe2 Bd7 20. b4 Ne6 21. c5
Rf8 22. Qd2 Bc8 23. Nd4 Ne5 24. Nxe6 Qxe6 25. Qc2 g4 26. Qb3 Qxb3 27. axb3 Nd3
28. Ne2 Be6 29. Nf4 Nxf4 30. exf4 Bd5 31. b5 1-0

[Event "Mercredi 2013.01.09 ABCD"]
[Site "Montreal"]
[Date "2013.01.18"]
[Round "5"]
[White "Millette, Sylvain"]
[Black "Gauthier, Luc"]
[Result "1-0"]
[WhiteElo "1711"]
[BlackElo "1678"]
[PlyCount "83"]
[EventDate "2013.01.09"]
[EventRounds "5"]
[EventCountry "CAN"]
[SourceDate "2005.09.12"]

1. Nf3 d5 2. g3 Nc6 3. d4 Bg4 4. Bg2 e6 5. c3 Bd6 6. Nbd2 Nf6 7. O-O O-O 8. Re1
e5 9. dxe5 Nxe5 10. Nxe5 Bxe5 11. Nf3 Bd6 12. Bg5 c6 13. e4 dxe4 14. Rxe4 Bxf3
15. Qxf3 Be7 16. Rd1 Qa5 17. Rxe7 Qxg5 18. Rxb7 Rfc8 19. c4 h5 20. Qe3 Qg4 21.
Rd4 Qg6 22. Be4 Nxe4 23. Rxe4 Rcb8 24. Ree7 Rxb7 25. Rxb7 Qb1+ 26. Kg2 Qxa2 27.
b3 Qa3 28. Qf3 Qf8 29. Qxc6 Qe8 30. Qf3 a5 31. Rxf7 a4 32. Qd5 Kh8 33. Qxh5+
Kg8 34. Qd5 Kh8 35. Rf4 g6 36. Rf7 Qxf7 37. Qxf7 a3 38. Qxg6 a2 39. Qf6+ Kh7
40. Qf5+ Kh6 41. Qf6+ Kh7 42. Qa1 1-0

[Event "Mercredi 2013.02.20 ABCD"]
[Site "Montreal"]
[Date "2013.02.20"]
[Round "1"]
[White "Boudreau, Daniel"]
[Black "Cardin, Guillaume"]
[Result "1-0"]
[WhiteElo "2087"]
[BlackElo "2120"]
[PlyCount "55"]
[EventDate "2013.02.20"]
[EventRounds "5"]
[EventCountry "CAN"]
[SourceDate "2005.09.12"]

1. e4 c5 2. Nf3 e6 3. d4 cxd4 4. Nxd4 a6 5. Be3 Qc7 6. Qd2 Nf6 7. f3 Nc6 8. g4
h6 9. Nc3 b5 10. O-O-O Be7 11. Be2 Bb7 12. h4 b4 13. Na4 Qa5 14. b3 d6 15. g5
Nd7 16. g6 Nc5 17. gxf7+ Kxf7 18. Bc4 Nxd4 19. Bxd4 Nxa4 20. Qf4+ Bf6 21. Bxf6
gxf6 22. Bxe6+ Ke8 23. Qxf6 Rf8 24. Bd7+ Kxd7 25. Qxd6+ Kc8 26. Qxf8+ Kc7 27.
Qd6+ Kc8 28. bxa4 1-0

[Event "Mercredi 2013.02.20 ABCD"]
[Site "Montreal"]
[Date "2013.02.20"]
[Round "1"]
[White "Levkovsky, Alexandre"]
[Black "Tremblay, Alain"]
[Result "1/2-1/2"]
[WhiteElo "2227"]
[BlackElo "2112"]
[PlyCount "59"]
[EventDate "2013.02.20"]
[EventRounds "5"]
[EventCountry "CAN"]
[SourceDate "2005.09.12"]

1. e4 d6 2. d4 Nf6 3. Nc3 c6 4. f4 Qa5 5. Bd2 e5 6. fxe5 dxe5 7. dxe5 Ng4 8.
Be2 Nxe5 9. Nd5 Qd8 10. Nf4 Bc5 11. Bc3 Qe7 12. Bxe5 Qxe5 13. Nd3 Qxe4 14. Nxc5
Qb4+ 15. Qd2 Qxc5 16. O-O-O O-O 17. h4 Be6 18. Nh3 Na6 19. Ng5 Rae8 20. Bd3 Bf5
21. Rhf1 Bxd3 22. Qxd3 Qe3+ 23. Qxe3 Rxe3 24. Nxf7 Nc5 25. Nd6 Rxf1 26. Rxf1
Re6 27. Rd1 Re2 28. Rd2 Re1+ 29. Rd1 Re2 30. Rd2 1/2-1/2

[Event "Mercredi 2013.02.20 ABCD"]
[Site "Montreal"]
[Date "2013.02.27"]
[Round "2"]
[White "Arsenault, Nicolas"]
[Black "Tremblay, Alain"]
[Result "1-0"]
[WhiteElo "2130"]
[BlackElo "2112"]
[PlyCount "81"]
[EventDate "2013.02.20"]
[EventRounds "5"]
[EventCountry "CAN"]
[SourceDate "2005.09.12"]

1. e4 d6 2. d4 Nf6 3. Nc3 c6 4. f4 Qa5 5. Bd3 e5 6. Nf3 exd4 7. Nxd4 Qb4 8. Nf3
Nbd7 9. O-O Be7 10. Kh1 Ng4 11. Qe1 Nc5 12. h3 Nxd3 13. cxd3 Nf6 14. Rb1 Be6
15. f5 Bd7 16. Be3 h5 17. Bd4 Kf8 18. Bf2 Re8 19. Qd2 Kg8 20. a3 Qa5 21. Rbe1
Bd8 22. b4 Qc7 23. Bg3 Be7 24. d4 h4 25. Bh2 Nh5 26. Qf2 a5 27. Nxh4 axb4 28.
axb4 Qb6 29. Nf3 Qxb4 30. Qd2 b5 31. Rb1 Qa5 32. Ra1 Qb6 33. Qc2 b4 34. Na4 Qb5
35. Nb2 Nf6 36. Rfe1 d5 37. exd5 Nxd5 38. Ra7 Nf6 39. Be5 c5 40. dxc5 Bxc5 41.
Rc7 1-0

[Event "Mercredi 2013.02.20 ABCD"]
[Site "Montreal"]
[Date "2013.02.27"]
[Round "2"]
[White "Cardin, Guillaume"]
[Black "Levkovsky, Alexandre"]
[Result "0-1"]
[WhiteElo "2120"]
[BlackElo "2227"]
[PlyCount "54"]
[EventDate "2013.02.20"]
[EventRounds "5"]
[EventCountry "CAN"]
[SourceDate "2005.09.12"]

1. d4 Nf6 2. c4 e6 3. g3 d5 4. Nf3 c6 5. Qc2 Nbd7 6. Bg2 Bd6 7. O-O O-O 8. Bf4
Bxf4 9. gxf4 Ne4 10. Ne5 f5 11. Nd2 Qh4 12. e3 Nxd2 13. Qxd2 Rf6 14. Nxd7 Bxd7
15. h3 Be8 16. Kh2 Bh5 17. cxd5 exd5 18. f3 Re8 19. Rae1 Rfe6 20. Kg1 Rg6 21.
e4 dxe4 22. fxe4 fxe4 23. d5 Bf3 24. Rxf3 Rxg2+ 25. Kxg2 exf3+ 26. Kf1 Qxh3+
27. Kg1 Rxe1+ 0-1

[Event "Mercredi 2013.02.20 ABCD"]
[Site "Montreal"]
[Date "2013.03.06"]
[Round "3"]
[White "Tremblay, Alain"]
[Black "Cardin, Guillaume"]
[Result "1-0"]
[WhiteElo "2112"]
[BlackElo "2120"]
[PlyCount "117"]
[EventDate "2013.02.20"]
[EventRounds "5"]
[EventCountry "CAN"]
[SourceDate "2005.09.12"]

1. e4 e5 2. Bc4 Nf6 3. Nc3 Bb4 4. Qf3 c6 5. Nge2 d6 6. h3 Be6 7. d3 Nbd7 8. O-O
Qe7 9. a3 Ba5 10. Be3 b5 11. Bd5 cxd5 12. exd5 e4 13. dxe4 Ne5 14. Qg3 Bd7 15.
Bd4 Bxc3 16. Nxc3 Nh5 17. Qh2 O-O 18. f4 Ng6 19. g4 Nhxf4 20. Rxf4 Nxf4 21.
Qxf4 f6 22. Nd1 Rfe8 23. Nf2 Rec8 24. c3 a5 25. Nd3 Be8 26. Re1 Bg6 27. Kg2 Re8
28. Kf3 Bf7 29. Kg2 Rab8 30. Re3 Bg6 31. Kf3 h6 32. Kg3 Rb7 33. h4 Qd8 34. h5
Bh7 35. Re2 Rbe7 36. Nf2 Qc7 37. b3 a4 38. b4 Qc4 39. Re1 Qa2 40. Qxd6 Bxe4 41.
Qc5 Qxd5 42. Kf4 Qg5+ 43. Kg3 Qxc5 44. Bxc5 Re6 45. Rd1 Bc6 46. Rd2 Kf7 47. Kf4
g5+ 48. hxg6+ Kxg6 49. Rd3 Re5 50. Rd6 R8e6 51. Rd8 Rd5 52. Rg8+ Kf7 53. Rc8
Rd2 54. Bd4 Bd7 55. Rh8 Kg7 56. Rd8 Re7 57. Ne4 Kg6 58. Nxd2 Bc6 59. Rd6 1-0

[Event "Mercredi 2013.02.20 ABCD"]
[Site "Montreal"]
[Date "2013.03.06"]
[Round "3"]
[White "Boudreau, Daniel"]
[Black "Arsenault, Nicolas"]
[Result "1/2-1/2"]
[WhiteElo "2087"]
[BlackElo "2130"]
[PlyCount "73"]
[EventDate "2013.02.20"]
[EventRounds "5"]
[EventCountry "CAN"]
[SourceDate "2005.09.12"]

1. e4 c5 2. Nf3 d6 3. Bb5+ Nc6 4. Bxc6+ bxc6 5. O-O e5 6. h3 f5 7. d3 Be7 8. c3
Nf6 9. Nbd2 O-O 10. Re1 Rb8 11. a3 a5 12. b4 fxe4 13. dxe4 axb4 14. axb4 cxb4
15. Qb3+ Kh8 16. Ng5 d5 17. Ra4 h6 18. Ngf3 Bd6 19. cxb4 Bd7 20. Ba3 Qb6 21.
exd5 cxd5 22. Nxe5 Bxe5 23. Rxe5 Bxa4 24. Qxa4 Qd4 25. Nf3 Qa1+ 26. Re1 Qa2 27.
Re3 Ne4 28. Qb3 Qxf2+ 29. Kh2 Nd2 30. Nxd2 Qxd2 31. Rg3 Rf5 32. b5 Rg5 33. Bd6
Rb6 34. Bc7 Rbg6 35. b6 Rxb6 36. Qxb6 Rxg3 37. Bxg3 1/2-1/2

[Event "Mercredi 2013.02.20 ABCD"]
[Site "Montreal"]
[Date "2013.03.13"]
[Round "4"]
[White "Boudreau, Daniel"]
[Black "Levkovsky, Alexandre"]
[Result "0-1"]
[WhiteElo "2087"]
[BlackElo "2227"]
[PlyCount "120"]
[EventDate "2013.02.20"]
[EventRounds "5"]
[EventCountry "CAN"]
[SourceDate "2005.09.12"]

1. e4 e5 2. Bc4 Nf6 3. d3 Nc6 4. Nf3 Be7 5. Bb3 d6 6. c3 O-O 7. h3 Na5 8. Bc2
c5 9. a3 b5 10. b4 Nc6 11. Be3 a5 12. bxc5 dxc5 13. Nbd2 Ba6 14. Nb3 Nd7 15.
O-O b4 16. axb4 cxb4 17. Bd2 Qc7 18. Ra2 bxc3 19. Bxc3 Nb4 20. Bxb4 Bxb4 21.
Nh4 g6 22. Qg4 Kh8 23. Rd1 Rfd8 24. Bb1 Qb6 25. Rc2 a4 26. Nc1 Nc5 27. Ba2 Ra7
28. Qg5 Qd6 29. Bd5 Qe7 30. Qg3 f6 31. Na2 Ba5 32. Qxg6 Bxd3 33. Rxd3 hxg6 34.
Nxg6+ Kh7 35. Nxe7 Nxd3 36. Nc6 Rc8 37. Re2 Ra6 38. Re3 Nf4 39. Nxa5 Rxa5 40.
Nb4 Rb5 41. Nc6 Nxd5 42. exd5 Rxd5 43. Ne7 Rd1+ 44. Kh2 Ra8 45. Ra3 Rb1 46. Nd5
Rb3 47. Ra1 a3 48. Nxf6+ Kg7 49. Ng4 a2 50. Nxe5 Rb1 51. Rxa2 Rxa2 52. Ng4 Rb4
53. Kg3 Kg6 54. Ne5+ Kf5 55. Ng4 Rb3+ 56. f3 Re2 57. h4 Rbb2 58. Kh3 Kf4 59.
g3+ Kf5 60. h5 Rb3 0-1

[Event "Mercredi 2013.02.20 ABCD"]
[Site "Montreal"]
[Date "2013.03.13"]
[Round "4"]
[White "Arsenault, Nicolas"]
[Black "Cardin, Guillaume"]
[Result "1/2-1/2"]
[WhiteElo "2130"]
[BlackElo "2120"]
[PlyCount "140"]
[EventDate "2013.02.20"]
[EventRounds "5"]
[EventCountry "CAN"]
[SourceDate "2005.09.12"]

1. e4 e5 2. Nf3 Nc6 3. Bb5 a6 4. Ba4 Nf6 5. O-O Be7 6. d3 b5 7. Bb3 d6 8. a4
Bd7 9. Nc3 Na5 10. Ba2 c5 11. Bg5 O-O 12. h3 h6 13. Bxf6 Bxf6 14. Bd5 Rb8 15.
axb5 axb5 16. Qd2 Nc6 17. Ra6 Qc7 18. Rfa1 b4 19. Ne2 Rb6 20. Rxb6 Qxb6 21. Qc1
Qb7 22. Ng3 Ra8 23. Nf1 Rxa1 24. Qxa1 Qa7 25. Qxa7 Nxa7 26. Ne3 g6 27. Nc4 Nb5
28. Nb6 Be8 29. Bc4 Bd8 30. Nd5 Nc7 31. Nxc7 Bxc7 32. Nd2 Kg7 33. Kf1 f5 34.
Ke2 Kf6 35. Bd5 Bd7 36. Nc4 f4 37. Nd2 g5 38. Nc4 g4 39. hxg4 Bxg4+ 40. f3 Bd7
41. Nd2 Kg5 42. Kf2 h5 43. Nc4 Ba4 44. b3 Bd7 45. Nd2 h4 46. Nc4 h3 47. gxh3
Bxh3 48. Bg8 Kh4 49. Bd5 Kg5 50. Bg8 Kf6 51. Bd5 Kg7 52. Kg1 Kf8 53. Kf2 Ke7
54. Bg8 Kd7 55. Bf7 Bd8 56. Bg8 Be7 57. Bf7 Bh4+ 58. Ke2 Be7 59. Kf2 Bf8 60.
Bg8 Ke7 61. Bd5 Kf6 62. Bg8 Be7 63. Bd5 Kg7 64. Kg1 Kg6 65. Kf2 Kh5 66. Bf7+
Kh4 67. Bd5 Kh5 68. Bf7+ Kh6 69. Bd5 Bh4+ 70. Ke2 Be7 1/2-1/2

[Event "Mercredi 2013.02.20 ABCD"]
[Site "Montreal"]
[Date "2013.03.20"]
[Round "5"]
[White "Levkovsky, Alexandre"]
[Black "Arsenault, Nicolas"]
[Result "1-0"]
[WhiteElo "2227"]
[BlackElo "2130"]
[PlyCount "73"]
[EventDate "2013.02.20"]
[EventRounds "5"]
[EventCountry "CAN"]
[SourceDate "2005.09.12"]

1. e4 e6 2. d4 d5 3. Nd2 Be7 4. e5 c5 5. c3 Nc6 6. Ngf3 cxd4 7. cxd4 f6 8. exf6
Nxf6 9. Bd3 O-O 10. O-O Bd6 11. Re1 Qc7 12. Nf1 Bd7 13. Bd2 e5 14. dxe5 Nxe5
15. Rc1 Nxf3+ 16. Qxf3 Bc6 17. Qh3 Rae8 18. Rxe8 Rxe8 19. Be3 a6 20. Ng3 Be5
21. b4 Bf4 22. Nf5 Bxe3 23. Nxe3 Qf4 24. Rb1 Ne4 25. Qf5 Qd6 26. Ng4 Bd7 27.
Qh5 g6 28. Qh4 Rf8 29. Bxe4 dxe4 30. Ne3 Bb5 31. h3 Bd3 32. Rc1 Qxb4 33. Rc7
Qb1+ 34. Kh2 Rf7 35. Qd8+ Kg7 36. Qd4+ Kg8 37. Qd5 1-0

[Event "Mercredi 2013.02.20 ABCD"]
[Site "Montreal"]
[Date "2013.03.20"]
[Round "5"]
[White "Tremblay, Alain"]
[Black "Boudreau, Daniel"]
[Result "1/2-1/2"]
[WhiteElo "2112"]
[BlackElo "2087"]
[PlyCount "32"]
[EventDate "2013.02.20"]
[EventRounds "5"]
[EventCountry "CAN"]
[SourceDate "2005.09.12"]

1. b4 Nf6 2. Bb2 e6 3. a3 a5 4. b5 c5 5. c4 d5 6. e3 Nbd7 7. d3 b6 8. Nf3 Qc7
9. Nbd2 Bb7 10. Be2 Bd6 11. h3 O-O 12. O-O Rad8 13. Rc1 Qb8 14. Qb3 Rfe8 15.
Rfe1 h6 16. Qa2 Be7 1/2-1/2

[Event "Mercredi 2013.02.20 ABCD"]
[Site "Montreal"]
[Date "2013.02.20"]
[Round "1"]
[White "Lopez Linares, Lizandro"]
[Black "Dumouchel, Alain"]
[Result "1-0"]
[WhiteElo "2015"]
[BlackElo "1975"]
[PlyCount "51"]
[EventDate "2013.02.20"]
[EventRounds "5"]
[EventCountry "CAN"]
[SourceDate "2005.09.12"]

1. d4 d5 2. c4 e6 3. Nc3 Be7 4. Nf3 Nf6 5. Bg5 h6 6. Bh4 Nbd7 7. e3 Ne4 8. Bg3
c5 9. cxd5 Nxc3 10. bxc3 exd5 11. Bd3 O-O 12. O-O Bf6 13. Rc1 Re8 14. Bb1 b6
15. Qc2 g6 16. Rfd1 Bb7 17. h4 Re4 18. h5 Qe7 19. hxg6 fxg6 20. Qe2 Rg4 21. Ne5
Rxg3 22. Nxd7 Rg5 23. Nxf6+ Qxf6 24. f4 Rh5 25. Qg4 Kf7 26. Qd7+ 1-0